Surco
Uloženo v:
| Hlavní autor: | |
|---|---|
| Médium: | Kniha |
| Jazyk: | španělština |
| Vydáno: |
Madrid
Ediciones RIALP S. A
1986
|
| Vydání: | 5a. ed |
| Témata: | |
| Tagy: |
Přidat tag
Žádné tagy, Buďte první, kdo vytvoří štítek k tomuto záznamu!
|
MARC
| LEADER | 00000cam a2200000 a 4500 | ||
|---|---|---|---|
| 001 | UCD4904 | ||
| 003 | CL-VaPUC | ||
| 008 | 160731e19860000sp |||||||||||||||||spa|d | ||
| 020 | |a 8432123455 | ||
| 082 | 0 | 4 | |a 267.182 |b ESC |2 21 |
| 100 | |a Escrivá de Balaguer, Josemaría |e autor |9 600822 | ||
| 245 | 1 | 0 | |a Surco |
| 250 | |a 5a. ed | ||
| 300 | |a 474 p | ||
| 942 | |c BK | ||
| 945 | |d 20160731 21:25:00 |a dcastane | ||
| 260 | |a Madrid |b Ediciones RIALP S. A |c 1986 | ||
| 650 | 0 | |a Catolicismo |9 258690 | |
| 650 | 0 | |a Vida espiritual |9 307811 | |
| 650 | 0 | |a Opus dei |9 318612 | |
| 583 | |a last modification |c 20160731 21:25:00 |k Rodrigo Vera | ||
| 999 | |c 365694 |d 365692 | ||
| 952 | |0 0 |1 0 |3 erb |4 0 |6 267_182000000000000_ESC_1986 |7 0 |8 A |9 479623 |a BIBTEO |b BIBTEO |e Villagrán Garnham, Jorge |i 5317126 |o 267.182 ESC 1986 |p 5317126 |r 2025-01-17 |w 2019-11-24 |y BK |z Catalogado en:20160731 |k ICR | ||